000 00451nam a2200181Ia 4500
008 210210b2009 xxu||||| |||| 00| 0 eng d
020 _a0195695250
041 _aeng
082 _a658.1511 SHAM
100 _aSHAH (Paresh)
245 _aManagement accounting
260 _aNew Delhi
_bOxford University Press
_c2009
300 _axiv,793
650 _aManagement
650 _aaccounting
690 _aManagement Accounting
906 _a064972
999 _c141846
_d141846